| 000 | 00438nam a2200145Ia 4500 | ||
|---|---|---|---|
| 008 | 230314s9999 xx 000 0 und d | ||
| 020 | _a978-81-947276-1-3 | ||
| 041 | _aeng | ||
| 082 | _aPS/610.7368/PAR/DB0968 | ||
| 100 |
_aPareek Bharat & Arya Sandeep _9180573 |
||
| 245 | _aTextbook of Mental Health and Psychiatric Nursing | ||
| 260 |
_bVision Health Sciences Publishers _aPanjab _c2020 |
||
| 300 | _a423p | ||
| 999 |
_c144119 _d144119 |
||